000 00917nam0a22002411 4500
001 rc\761042
005 20250622122841.0
035 _a(NLR Aleph) 006288782
090 _a7127261
_c7127261
100 _a20040301d1985 |||y0rusy50 ca
101 0 _arus
102 _aRU
105 _aa |||||||||
200 1 _aНаследственные болезни при беременности
_f[Дж. М. Лемон, Р.Р. Ленке, Г.Л. Леви и др.]
_gПод ред. Дж. Д. Шульмана, Дж. Л. Симпсона
_gПер. с англ. к. м. н. Е.Д. Айнгорн
210 _aМ.
_cМедицина
_d1985
215 _a512 с.
_cил.
_d22
300 _aПер. изд.: Genetic diseases in pregnancy (New York ets., 1981)
320 _aБиблиогр. в конце глав
801 0 _aRU
_bNLR
_gpsbo
801 1 _aRU
_bELAR
_2rusmarc
852 _aNLR
_j85-5/2938
942 _cBOOK
980 _aNB